| 000 | 00428nam a22001697a 4500 | ||
|---|---|---|---|
| 003 | OSt | ||
| 008 | 240329b |||||||| |||| 00| 0 eng d | ||
| 020 | _a9789389211788 | ||
| 082 | _a628 BHE | ||
| 100 | _aBHARUCHA, Erach | ||
| 245 | _aTextbook of Environmental Studies for Undergraduate Courses | ||
| 250 | _a3rd. ed. | ||
| 260 |
_aTelangana _bUniversities Press |
||
| 300 | _a266 p. | ||
| 650 | _aEnglish | ||
| 942 |
_2ddc _cBK |
||
| 999 |
_c12336 _d12336 |
||